Actas de derecho industrial y derecho de autor. Tomo XXV (2004)

Detalles Bibliográficos
Autor Corporativo: Universidad de Santiago de Compostela. Instituto de Derecho Industrial
Formato: Desconocido
Publicado: [Santiago de Compostela] : Universidad de Santiago de Compostela, Departamento de Derecho Mercantil y del Trabajo ; [2005]
Madrid : Marcial Pons
Materias:
Acceso en línea:Acceso restringido

MARC

LEADER 00000ny aa2200000n 44500
005 20110224115017.0
008 020326s2001 sp s 000 0 spa c
020 |a 9788497682695 
035 |a 5256 
040 |a vlex 
090 |c 1422  |d 1422 
245 0 0 |a Actas de derecho industrial y derecho de autor.   |b Tomo XXV  |c Instituto de Derecho Industrial de la Universidad de Santiago de Compostela  |h [Recurso electrn̤ico]  |p (2004) 
256 |a Servicio en ln̕ea 
260 |a [Santiago de Compostela] :   |b Universidad de Santiago de Compostela, Departamento de Derecho Mercantil y del Trabajo ; 
260 |a Madrid :  |b Marcial Pons  |c [2005] 
300 |a 1492 p. 
506 1 |a Contenido solo disponible en los productos indicados  |d vLex Global  |d vLex Global (Academic Edition, excluding Law Schools)  |d vLex Global (U.S. Academic Edition, Law Schools)  |d vLex Global (U.S. Academic Edition, excluding Law Schools)  |d vLex Global (Academic Edition, Law Schools) 
650 0 7 |a Derecho industrial  |2 Tesauro vLex 
650 0 7 |a Industrias  |2 Tesauro vLex 
710 2 |a Universidad de Santiago de Compostela.   |b Instituto de Derecho Industrial  
740 0 |a vLex Libros (Servicios en ln̕ea) 
856 4 0 |u http://vlex.com/source/5256  |z Acceso restringido 
942 |c BOOK